[Event "XXV C.to Italiano a squadre A Spareggio"]
[Site "Firenze ITA"]
[Date "1993.05.23"]
[Round "6.1"]
[White "Godena, Michele"]
[Black "D'Amore, Carlo"]
[Result "1/2-1/2"]
[WhiteElo "2485"]
[BlackElo "2415"]
[PlyCount "83"]
[EventDate "1993.05.23"]

1. e4 Nf6 2. e5 Nd5 3. d4 d6 4. Nf3 Bg4 5. Be2 e6 6. O-O Be7 7. c4 Nb6 8. Nc3
O-O 9. h3 Bh5 10. b3 Nc6 11. exd6 cxd6 12. Be3 d5 13. c5 Bxf3 14. Bxf3 Nc8 15.
b4 a6 16. Rb1 Bf6 17. a4 N8e7 18. b5 axb5 19. axb5 Na5 20. Be2 Nf5 21. Rb4 b6
22. Na4 bxc5 23. Nxc5 Nc4 24. Bxc4 dxc4 25. b6 Rb8 26. b7 Qa5 27. Rxc4 Qb5 28.
Qa4 Rxb7 29. Nxb7 Qxb7 30. Qc6 Qb8 31. Qf3 h6 32. Rfc1 Rd8 33. Rc7 Nd6 34. Bf4
Qb2 35. Bxd6 Rxd6 36. Qa8+ Rd8 37. Qb7 Qd2 38. Rc8 Qxd4 39. Rxd8+ Bxd8 40. Rc8
Qd1+ 41. Kh2 Qd6+ 42. g3 1/2-1/2

[Event "XXV C.to Italiano a squadre A Spareggio"]
[Site "Firenze ITA"]
[Date "1993.05.23"]
[Round "6.2"]
[White "Marinelli, Tullio"]
[Black "Belotti, Bruno"]
[Result "0-1"]
[WhiteElo "2365"]
[BlackElo "2410"]
[PlyCount "86"]
[EventDate "1993.05.23"]

1. d4 d6 2. c4 g6 3. Nc3 Bg7 4. e4 Nf6 5. f3 O-O 6. Be3 a6 7. Qd2 Nc6 8. Nge2
Rb8 9. Nc1 e5 10. d5 Nd4 11. Nb3 Nxb3 12. axb3 c5 13. Bg5 Qb6 14. Qc2 Nh5 15.
O-O-O f6 16. Be3 f5 17. exf5 gxf5 18. Bd3 Kh8 19. Ne2 Qc7 20. Ng3 Qf7 21. Nxh5
Qxh5 22. h3 f4 23. Bd2 b5 24. Be4 b4 25. Rhg1 Bd7 26. Be1 Rg8 27. Rf1 Bf6 28.
Rf2 Bh4 29. Re2 Bxe1 30. Rdxe1 Rg7 31. Rd2 a5 32. Qd1 Ra8 33. Bc2 Qe8 34. Rde2
a4 35. bxa4 Bxa4 36. Bxa4 Rxa4 37. Qd3 Qa8 38. Qb3 Rga7 39. Rc2 Ra1+ 40. Kd2
Rxe1 41. Kxe1 Ra1+ 42. Kf2 Qd8 43. g3 Qg5 0-1

[Event "XXV C.to Italiano a squadre A Spareggio"]
[Site "Firenze ITA"]
[Date "1993.05.23"]
[Round "6.3"]
[White "Manca, Federico"]
[Black "Bellia, Fabrizio"]
[Result "1/2-1/2"]
[WhiteElo "2365"]
[BlackElo "2290"]
[PlyCount "33"]
[EventDate "1993.05.23"]

1. e4 e5 2. Nf3 Nc6 3. d4 exd4 4. Nxd4 Bc5 5. Be3 Qf6 6. c3 Nge7 7. Bc4 Ne5 8.
Be2 Qg6 9. O-O d6 10. Kh1 Qxe4 11. Nd2 Qg6 12. Nb5 O-O 13. Nxc7 Rb8 14. Bh5 Qd3
15. Be2 Qg6 16. Bh5 Qd3 17. Be2 1/2-1/2

[Event "XXV C.to Italiano a squadre A Spareggio"]
[Site "Firenze ITA"]
[Date "1993.05.23"]
[Round "6.4"]
[White "Gervasi, Giancarlo"]
[Black "Micheli, Carlo"]
[Result "1/2-1/2"]
[WhiteElo "2330"]
[BlackElo "2300"]
[PlyCount "87"]
[EventDate "1993.05.23"]

1. e4 c6 2. d4 g6 3. Nc3 d5 4. Nf3 Bg4 5. h3 Bxf3 6. Qxf3 e6 7. Be3 Bg7 8. Be2
Ne7 9. O-O O-O 10. Rfd1 Nd7 11. Bf4 f5 12. exd5 exd5 13. Rab1 Nf6 14. b4 Ne4
15. Nxe4 fxe4 16. Qg4 Nf5 17. c3 Qe8 18. Bf1 h5 19. Qe2 Nxd4 20. cxd4 Rxf4 21.
b5 Qf7 22. bxc6 bxc6 23. Rbc1 Rf8 24. Rd2 Rf6 25. Rdc2 Bh6 26. Rb1 Re6 27. Rc3
Qf6 28. Rd1 e3 29. fxe3 c5 30. Qf3 Qxf3 31. gxf3 Bxe3+ 32. Kg2 Bxd4 33. Ra3 Re5
34. h4 g5 35. Rxa7 gxh4 36. Rb1 Rg5+ 37. Kh2 c4 38. Rd7 Bf6 39. Rxd5 Rg3 40.
Bh3 Re8 41. Bf1 Rxf3 42. Bxc4 Kg7 43. Rg1+ Kh6 44. Rxh5+ 1/2-1/2